| 000 | 00526nam a2200181Ia 4500 | ||
|---|---|---|---|
| 001 | 7717 | ||
| 005 | 20260306160516.0 | ||
| 008 | 260306t2015||||xx |||||||||||||| ||spa|| | ||
| 041 | _aESP | ||
| 082 |
_a354.36 _bI59 |
||
| 100 |
_aInstituto Regional de Apoyo a la Gestión de los Recursos Hídricos _eAUT |
||
| 245 | 0 | _aLa gestión del agua en cuencas transfronterizas en el contexto de cambio climático | |
| 260 | _c2015 | ||
| 300 |
_a58 páginas : _c20 cm. |
||
| 650 | _aGEN | ||
| 654 | _aCIA | ||
| 942 |
_cLIB _dJUS _fJUS _2ddc _n |
||
| 999 |
_c7717 _d7717 |
||